| 000 | 03589nkm0a2200505 4500 | ||
|---|---|---|---|
| 001 | RU\NLR\BIBL_A\022725828 | ||
| 005 | 20260408090653.0 | ||
| 035 | _a(NLR Aleph) 022725828 | ||
| 090 |
_a13554142 _c13554142 |
||
| 100 | _a20260211d1903 u y0rusy50 ca | ||
| 101 | 0 | _arus | |
| 102 | _aRU | ||
| 116 | _adiybxx zz ae | ||
| 135 | _acrcn 024anaba | ||
| 181 | 0 |
_ab4 _bxb2e |
|
| 182 | 0 | _an | |
| 200 | 1 |
_aЖенская гимназия _e[Александровск] _eоткрытое письмо |
|
| 203 |
_aИзображение _bнеподвижное _bдвухмерное _bвизуальное _cнепосредственное |
||
| 210 |
_aСПБ [Санкт-Петербург] _cТип. Н. Я. Стойковой _dценз. 1903 |
||
| 215 |
_a1 л. _cфотомех. печ. _d9,2х14,3 |
||
| 300 | _aЦенз. разрешение: Дозв. ценз. Спб. 5 июня 1903 г. | ||
| 316 |
_aЭкз. РНБ на шифре Э ОТ63/З-332, Эот101128: на изобр. слева рукоп. помета карандашом _5NLR: Э ОТ63/З-332 |
||
| 325 | _aКопия доступна в Электрон. б-ке РНБ | ||
| 327 | 0 | _aГородская женская гимназия в городе Александровске Екатеринославской губернии | |
| 606 | 1 |
_aПочтовые открытки маркированные художественные _yРоссия _z1895 - 1917 _92195710 _3RU\NLR\AUTH\6601555036 |
|
| 606 | 1 |
_aФотографические открытки _92151039 _3RU\NLR\AUTH\661600135 |
|
| 606 | 1 |
_aЖенские гимназии _jОткрытки _92420869 _3RU\NLR\AUTH\6601660341 |
|
| 610 | 1 | _aВидовые открытки | |
| 617 |
_aРоссия _cЕкатеринославская губерния _cАлександровский уезд _dАлександровск, город _eГородская женская гимназия |
||
| 686 | 0 | _aЩ153(2Р=Рус)53-489 | |
| 711 | 0 | 2 |
_aАлександровская городская женская гимназия _3RU\NLR\AUTH\889921308 _9338726 |
| 712 | 0 | 2 |
_4650 _4610 _a"Электротипография Н. Я. Стойковой", товарищество _cПетербург _3RU\NLR\AUTH\8810229198 _9343237 |
| 830 | _a"Фонды государственного архива Запорожской области ... Ф. 4. Александровская городская женская гимназия, г. Александровск Александровского уезда Екатеринославской губернии (1897-1919)": https://web.archive.org/web/20210505223839/https://genealogy-ua.com/фонды-государственного-архива-запор/ (06.02.2026). АЯ ОЭФ | ||
| 830 | _a"Александровская городская женская гимназия": Адрес-календарь Екатеринославской губернии на 1910 г.: https://vivaldi.nlr.ru/bx000003466/view/?#page=300 (06.02.2026). АЯ ОЭФ | ||
| 852 | 0 | 0 |
_aNLR _bЭ _jОТ63/З-332 _mЭот101128 |
| 856 | 0 | _uhttps://vivaldi.nlr.ru/lo500030053/view | |
| 856 | 1 | _uhttps://vivaldi.nlr.ru/lo500030053/cover | |
| 856 | 2 | _uhttps://vivaldi.nlr.ru/lo500030053/text | |
| 942 | _cVISUAL | ||
| 980 | _aNB | ||
| 981 | 1 | 7 |
_a(17) Изографические материалы _b(17) Открытки |